000
00309nam a22001337a 4500
008
171127b xxu||||| |||| 00| 0 eng d
020
_a
9781587131141
041
_a
eng
080
_2
3 ED
_a
004
100
_a
29
101
_a
SHK
245
_a
CISCO NETWORKING ACADEMY PROGRAM
_c
CIS
942
_2
udc
_c
BK
999
_c
38524
_d
38524